000 00280nam a22001217a 4500
008 180927b xxu||||| |||| 00| 0 eng d
041 _aeng
080 _a101
100 _a24
101 _aFIL
245 _aA metaphysics of authentic existentialism
_cSweeney,L
942 _2udc
_cBK
999 _c48572
_d48572